Ładuje się......

INTRODUCTION: COMPARATIVE STUDY OF SOCIAL SECURITY SYSTEMS IN ASIA AND LATIN AMERICA :A Contribution to the Study of Emerging Welfare States

Opis bibliograficzny
1. autor: KOICHI USAMI
Format: Printed Book
Wydane: The Developing Economies, XLII-2 (June 2004): 125-45 2004
Hasła przedmiotowe:
Dostęp online:http://10.26.1.76/ks/001374.pdf
LEADER 005100000a22001330004500
100 |a KOICHI USAMI 
245 |a INTRODUCTION: COMPARATIVE STUDY OF SOCIAL SECURITY SYSTEMS IN ASIA AND LATIN AMERICA :A Contribution to the Study of Emerging Welfare States 
260 |c 2004 
260 |b The Developing Economies, XLII-2 (June 2004): 125-45 
650 |a KERALA 
856 |u http://10.26.1.76/ks/001374.pdf 
942 |c KS 
999 |c 70762  |d 70762 
952 |0 0  |1 0  |4 0  |7 0  |9 62726  |a MGUL  |b MGUL  |d 2015-08-01  |l 0  |r 2015-08-01  |w 2015-08-01  |y KS